LA PERSECUCION RELIGIOSA EN MEXICO : (Registro nro. 53218)
[ vista simple ]
| 000 -LEADER | |
|---|---|
| fixed length control field | 00961nam a2200181 a 4500 |
| 001 - CONTROL NUMBER | |
| control field | 53218 |
| 005 - DATE AND TIME OF LATEST TRANSACTION | |
| control field | 20180714043402.0 |
| 008 - FIXED-LENGTH DATA ELEMENTS--GENERAL INFORMATION | |
| fixed length control field | 140415s1987 mx 000 0 spa d |
| 041 ## - LANGUAGE CODE | |
| Language code of text/sound track or separate title | spa |
| 082 ## - DEWEY DECIMAL CLASSIFICATION NUMBER | |
| Classification number | 972.0622 |
| Item number | LOP |
| 100 1# - MAIN ENTRY--PERSONAL NAME | |
| Personal name | López Beltrán, Lauro. |
| 245 13 - TITLE STATEMENT | |
| Title | LA PERSECUCION RELIGIOSA EN MEXICO : |
| Remainder of title | CARRANZA - OBREGON - CALLES - PORTES GIL |
| 250 ## - EDITION STATEMENT | |
| Edition statement | 1a ed. |
| 260 ## - PUBLICATION, DISTRIBUTION, ETC. | |
| Place of publication, distribution, etc. | MEXICO : |
| Name of publisher, distributor, etc. | TRADICION, |
| Date of publication, distribution, etc. | 1987 |
| 300 ## - PHYSICAL DESCRIPTION | |
| Extent | 656 |
| Dimensions | 16.2 x 3.3 x 22.5 |
| 520 ## - SUMMARY, ETC. | |
| Summary, etc. | HACE 35 AÑOS LAS SOBERENATURALES IMAGENES DEL NIÑO SANCHEZ DEL RIO Y DE SU MADRE; EL PADRE SABAS, DE LOS PRO, DE LOS VARGAS GONZALES Y DE CENTENARES DE MARTIRES QUE VIVIERON Y MURIERON CON EL GRITO DE GUERRA-JACULATORIA Ä„VIVA CRISTO REY! EN LOS LABIS Y EN EL CORAZON NO HUBIERA ADQUIRIDO EL MENOR RELIEVE ENTRE AQUELLAS ALMAS INOCENTES FORMADAS EN LA DEBIL INERCIA DE UNA SOCIEDAD SEDICENTE CATOLICA DERROTADA POR LA PAZ. |
| 650 14 - SUBJECT ADDED ENTRY--TOPICAL TERM | |
| Topical term or geographic name entry element | MEXICO |
| General subdivision | HISTORIA |
| -- | CONFLICTO RELIGIOSO |
| Withdrawn status | Lost status | Source of classification or shelving scheme | Damaged status | Not for loan | Collection code | Home library | Current library | Shelving location | Date acquired | Source of acquisition | Inventory number | Total Checkouts | Total Renewals | Full call number | Barcode | Date last seen | Date last checked out | Price effective from | Koha item type |
|---|---|---|---|---|---|---|---|---|---|---|---|---|---|---|---|---|---|---|---|
| Dewey Decimal Classification | General | Biblioteca Karol Wojtyla | Biblioteca Karol Wojtyla | Sala general | 03/12/2013 | Compra | 151000000000000000037873 | 1 | 1 | 972.0622 LOP | 79171 | 05/01/2026 | 07/02/2020 | 03/12/2013 | Libro |